000 00370nam a2200157Ia 4500
003 GCL
008 140319s9999 xx 000 0 eng d
040 _aGCL /
_cGCL
082 0 4 _aCH
_b823.087
_bS B
100 1 _aCABANIS, JOSE
245 1 0 _aBLACK BEAUITY /
_cCABANIS, JOSE
260 _a[S.N] :
_bPRIORY BOOKS
300 _a174
650 0 4 _aFICTION
942 _2ddc
_cBK
999 _c17930
_d17930